|
|
|
|
| LEADER |
01549nam a2200337 4500 |
| 001 |
DLU150168593 |
| 005 |
##20111213 |
| 020 |
# |
# |
|a 9786045015568
|
| 040 |
# |
# |
|a DLU
|b vie
|
| 041 |
# |
# |
|a vie
|
| 044 |
# |
# |
|a vn
|
| 082 |
# |
# |
|a 390.095 97
|b TR-A
|
| 100 |
# |
# |
|a Trần Văn An.
|
| 245 |
# |
# |
|a Di sản văn hoá văn nghệ dân gian Hội An /
|c Trần Văn An.
|
| 260 |
# |
# |
|a H. :
|b Văn hoá-Thông tin,
|c 2014.
|
| 300 |
# |
# |
|a 414 tr. :
|b minh hoạ ;
|c 21 cm.
|
| 504 |
# |
# |
|a Tài liệu tham khảo: tr.403.
|
| 505 |
# |
# |
|a Chương I. Huyện vùng cao Bắc Hà -- Chương II. Tri thức dân gian trong nghề nuôi ngựa truyền thống của người Hmông -- Chương III. Con ngựa trong văn hoá dân gian người Hmông -- Chương IV. Vai trò của con ngựa trong đời sống kinh tế người Hmông.
|
| 505 |
# |
# |
|a Phụ lục. Một số ca dao, tục ngữ viết về Hội An -- Lịch lễ lệ, lễ hội ở Hội An -- Về các lái -- Văn thỉnh Ông Ngư -- Văn tế tiền hiền tộc Nguyễn (Tân Thành) -- Văn thỉnh bà Thuỷ Long -- Văn cúng âm linh -- Nghi thức xướng tế lưu hành ở Hội An -- Văn tế Ông Ngư -- Bản hát bạn chèo đưa linh.
|
| 650 |
# |
# |
|a Hội An (Đà Nẵng, Việt Nam)
|x Đời sống xã hội và tập quán.
|
| 923 |
# |
# |
|a 07/2014
|
| 991 |
# |
# |
|a SH
|
| 992 |
# |
# |
|a 16600
|
| 994 |
# |
# |
|a DLU
|
| 900 |
# |
# |
|a True
|
| 911 |
# |
# |
|a Đào Thị Thu Huyền
|
| 925 |
# |
# |
|a G
|
| 926 |
# |
# |
|a A
|
| 927 |
# |
# |
|a SH
|
| 980 |
# |
# |
|a Thư viện Trường Đại học Đà Lạt
|